Účtovníctvo rozpočtových organizácií

Salvato in:
Dettagli Bibliografici
Autore principale: Kovalčíková, Antónia
Natura: Libro
Lingua:slovacco
Pubblicazione: Bratislava Iura Edition 2010
Serie:Ekonómia
Soggetti:
Tags: Aggiungi Tag
Nessun Tag, puoi essere il primo ad aggiungerne!!

MARC

LEADER 00000nam a2200000 4500
001 0117923
005 20240502072323.0
020 |a 978-80-8078-355-6 
041 0 |a slo 
044 |a SK 
245 1 0 |a Účtovníctvo rozpočtových organizácií  |c Antónia Kovalčíková 
264 1 |a Bratislava  |b Iura Edition  |c 2010 
300 |a 309 s. [17,58 AH] 
490 1 |a Ekonómia 
830 0 |a Ekonómia 
610 2 0 |a účtovníctvo 
610 2 0 |a organizácie rozpočtové 
610 2 0 |a príjmy 
610 2 0 |a výnosy 
610 2 0 |a náklady 
610 2 0 |a výdavky 
610 2 0 |a rezervy 
610 2 0 |a výsledok hospodársky 
610 2 0 |a majetok hmotný 
610 2 0 |a majetok nehmotný 
610 2 0 |a zásoby 
610 2 0 |a vzťahy zúčtovacie 
610 2 0 |a závierka účtovná 
610 2 0 |a výkazy finančné 
610 2 0 |a súvaha 
610 2 0 |a výkaz ziskov a strát 
100 1 |a Kovalčíková, Antónia